000 01127nam a2200265Ia 4500
003 OSt
005 20210430162224.0
008 210310s1995 it fr 000 0 spa d
020 _a9290493020
040 _aCO-JMCR
_cCO-JMCR
041 0 _aspa
082 0 4 _a334 /
_bN322a
_223
100 1 _aNavas Vega, Daniel,
_915478
_eautor
245 1 1 _a"Aporte de las cooperativas a un proceso de desarrollo con equidad en América Latina" /
_bDaniel Navas Vega
250 _aPrimera edición
260 _aTurín :
_bCentro Internacional de Formación de la Organización Internacional del Trabajo : Asociación Latinoamericana de Centros de Educación Cooperativa,
_c1995
300 _a106 páginas ;
_c25 cm.
490 0 _aEmpresa y tecnología
500 _aIncluye notas a pie de página.
504 _aBibliografía: páginas 103-106
505 0 _aEl escenario latinoamericano -- Las cooperativas de América Latina -- Aporte de las cooperativas al desarrollo en equidad en América Latina
650 1 4 _aCooperativas
_915480
_zAmérica Latina
651 4 _aAmérica Latina
_xPolítica económica
_936232
942 _2ddc
_cBK
999 _c7794
_d7794